000 00290nam a2200097Ia 4500
001 645074
005 20250826153616.0
008 250824s9999 xx 000 0 und d
245 0 _aÖLMÜŞ BİR KADININ EVRAKI METRUKESİ ANTİK
_cGÜZİDE SABRİ AYGÜN
260 _bANTİK DÜNYA KLASİKLERİ
999 _c645074
_d645074